000 00449nam a2200181Ia 4500
003 OSt
005 20220401161230.0
008 211109s9999||||xx |||||||||||||| ||und||
040 _cSBCL
082 _a230
_bPIA-S
100 _aFr Clement Pianius
245 0 _aSamkshepa Vedartham
260 _bDC Books
_aKottayam
_c1980
300 _a715p.
630 _xGENERAL STACK
650 _aReligion
_vChristianity & Christian theology
942 _cBOOK
999 _c44914
_d44914